[Event "Aktobe Dvorkovich U1900 op"]
[Site "Aktobe"]
[Date "2025.06.29"]
[Round "8"]
[White "Ali, Kausar"]
[Black "Sharafiyev, Aliriza"]
[Result "0-1"]
[WhiteElo "1741"]
[BlackElo "1885"]
[PlyCount "94"]
[EventDate "2025.06.22"]
[EventType "swiss"]
[EventRounds "9"]
[EventCountry "KAZ"]
[SourceTitle "CB27_2025"]
[SourceDate "2025.07.02"]
[SourceVersion "1"]
[SourceVersionDate "2025.07.02"]
[SourceQuality "1"]

1. e4 e6 2. d4 d5 3. Nc3 Nf6 4. Bg5 dxe4 5. Nxe4 Be7 6. Bxf6 gxf6 7. Nf3 f5 8. Ng3 h5 9. h4 a6 10. Be2 Nd7 11. Qd2 Nf6 12. 0-0-0 b5 13. Rhe1 Bb7 14. Ne5 Ng4 15. Kb1 Nxe5 16. dxe5 Qxd2 17. Rxd2 Bxh4 18. Nxh5 Bxg2 19. Rg1 Bd5 20. Ng7+ Ke7 21. Nxf5+ Kd7 22. c4 bxc4 23. Bxc4 c6 24. Nd6 Rhg8 25. Rxg8 Rxg8 26. Nxf7 Rf8 27. Nd6 Bxf2 28. Ne4 Be3 29. Rd3 Rf1+ 30. Kc2 Rc1+ 31. Kb3 Rxc4 32. Nf6+ Kc7 33. Nxd5+ cxd5 34. Rxe3 Kb6 35. a3 Kb5 36. Ka2 Kc5 37. b4+ Kd4 38. Re1 Kc3 39. Re3+ Kd2 40. Rb3 d4 41. b5 axb5 42. Rxb5 Rc6 43. a4 d3 44. a5 Ke1 45. Rb6 Rc5 46. Rxe6 d2 47. Rd6 Rxa5+ 0-1

[Event "Aktobe Dvorkovich U1900 op"]
[Site "Aktobe"]
[Date "2025.06.22"]
[Round "1"]
[White "Tursynova, Aisha"]
[Black "Sharafiyev, Aliriza"]
[Result "1/2-1/2"]
[WhiteElo "1569"]
[BlackElo "1885"]
[PlyCount "97"]
[EventDate "2025.06.22"]
[EventType "swiss"]
[EventRounds "9"]
[EventCountry "KAZ"]
[SourceTitle "CB27_2025"]
[SourceDate "2025.07.02"]
[SourceVersion "1"]
[SourceVersionDate "2025.07.02"]
[SourceQuality "1"]

1. e4 c5 2. Nf3 e6 3. d4 cxd4 4. Nxd4 a6 5. Nc3 Qc7 6. Bd3 Bb4 7. Bd2 Nc6 8. Nf3 Nf6 9. 0-0 Be7 10. Re1 d6 11. Bf4 Nd7 12. Bg5 Bf6 13. Bxf6 Nxf6 14. Qe2 e5 15. Bc4 Bg4 16. Qe3 0-0 17. a3 Bxf3 18. Qxf3 Nd4 19. Qd3 Nxc2 20. Bxf7+ Qxf7 21. Qxc2 Rac8 22. Qd2 Rc6 23. f3 Rfc8 24. Rac1 b5 25. Ne2 Qa7+ 26. Kh1 Qf2 27. Rc3 Rxc3 28. bxc3 Nh5 29. Rd1 Nf4 30. Nxf4 Qxd2 31. Rxd2 exf4 32. Rd3 Kf7 33. g3 fxg3 34. Rxd6 a5 35. Rd3 gxh2 36. Kxh2 Rc4 37. Kg3 Ke6 38. Kf4 Rc5 39. Kg4 Ke5 40. Rd7 h5+ 41. Kxh5 Kf6+ 42. Rd5 Rxc3 43. Rxb5 Rxa3 44. Kg4 a4 45. Rb6+ Kf7 46. Rb7+ Kf8 47. Rb8+ Kf7 48. Rb7+ Kg8 49. e5 1/2-1/2